000 00659nam a2200229Ia 4500
003 OSt
005 20220918191948.0
006 a|||||r|||| 00| 0
007 ta
008 220917b |||||||| |||| 00| 0 eng d
024 _a66,195
037 _cTextual
040 _aARTS
_cARTS
_beng
041 _2eng
_aeng
082 _aR3xC57:9, J0
100 _aCornford Francis Macdonald
245 0 _aPlato and Parmenides , etc.
260 _c1950
490 _aInternational library of psychoogy , philosophy and scientific method , ed by C K Ogedn
942 _hR3xC57:9, J0
_cTEXL
_2CC
999 _c192429
_d192429